000
00261 a2200121 4500
020
_a
983723943
090
_c
4464
_d
4464
100
_a
Parag Diwan
245
_a
Human Resource Management
260
_a
New Delhi
300
_a
302
942
_a
NBS
_c
BK
_k
658.3 DIW
999
_c
346907
_d
346907